Parakeets of North America - Statistics

General Stats
  • This quiz has been taken 3 times
  • The average score is 4 of 13
Answer Stats
Picture Answer % Correct
Monk Parakeet
100%
Budgerigar
67%
Black-Hooded Parakeet
33%
Green Parakeet
33%
Rose-Ringed Parakeet
33%
White-Fronted Parrot
33%
White-Winged Parakeet
33%
Yellow-Headed Parrot
33%
Lilac-Crowned Parrot
0%
Mitred Parakeet
0%
Red-Crowned Parrot
0%
Red-Lored Parrot
0%
Yellow-Chevroned Parakeet
0%
No matching quizzes found
Score Distribution
Percent of People with Each Score
Percentile by Number Answered
Your Score History
You have not taken this quiz